000
00203 a2200109 4500
020
_a
9780152380113
041
_a
eng
100
_a
Sue Williams
245
_a
]I Went Walking
942
_c
BK
952
_7
1
999
_c
23010
_d
23010